000 01446nam0a2200289 i 4500
001 RU\NLR\BIBL_A\011540398
005 20260629063122.0
021 _aRU
_b2017-83076
_95929
035 _a(RuMoRGB)009442342
035 _a(NLR Aleph) 011540398
090 _a12192023
_c12192023
100 _a20171127d2016 km y0rusy50 ca
101 0 _arus
102 _aRU
105 _aa|||z|||000zy
200 1 _aСборник задач по разработке и эксплуатации газовых месторождений
_eметодические указания
_e[для для бакалавров направления подготовки 21.03.01 Нефтегазовое дело]
_fМинобрнауки России, Федеральное государственное бюджетное образовательное учреждение высшего образования "Ухтинский государственный технический университет" (УГТУ)
_g[Еске Г. А.]
210 _aУхта
_cУГТУ
_d2016
215 _a23 с.
_cил.
_d21
320 _aБиблиогр.: с. 24 (5 назв.)
606 _aЕстественные газы
_xДобыча
_jЗадачники
_3RU\NLR\AUTH\66232359
_91319948
686 _aИ362я73-4
_2rubbk
686 1 _aИ362я73-4
702 1 _aЕске
_bГ. А.
_4220
942 _cBOOK
980 _aNBR